Návrh zlepšovania vybraného procesu vo výrobnom podniku bakalárska práca

Na minha lista:
Detalhes bibliográficos
Autor principal: Lacko, Lukáš
Autor Corporativo: Fakulta podnikového manažmentu EU. Katedra manažmentu výroby a logistiky - zrušená
Outros Autores: Kopták, Michal
Formato: Livro
Idioma:eslovaco
Publicado em: Bratislava 2015
Tags: Adicionar Tag
Sem tags, seja o primeiro a adicionar uma tag!

MARC

LEADER 00000nbm a2200000 4500
001 0202988
005 20161212102716.9
041 0 |a slo 
044 |a SK 
245 1 0 |a Návrh zlepšovania vybraného procesu vo výrobnom podniku  |b bakalárska práca  |c Lukáš Lacko ; školiteľ: Michal Kopták 
264 1 |a Bratislava  |c 2015 
300 |a 52 s. 
100 1 |a Lacko, Lukáš 
700 1 |a Kopták, Michal 
710 2 |a Fakulta podnikového manažmentu EU. Katedra manažmentu výroby a logistiky - zrušená